000 00499nam a2200193Ia 4500
003 GCL
008 140319s9999 xx 000 0 eng d
040 _aGCL /
_cGCL
082 0 4 _aCH
_b843
_bB P
100 1 _aBILSTEIN, JACQUES THOMAS VALERIANE
245 1 0 _aPIOUPIOU S'EVADE /
_cBILSTEIN, JACQUES THOMAS VALERIANE
700 1 _aGERON, JACQUES
260 _a[S.N] :
_bHEMMA
300 _a118 P
650 0 4 _aLITERATURE
650 0 4 _aFICTION
650 0 4 _aCHILDREN - FICTION
942 _2ddc
_cBK
999 _c14577
_d14577